Statystyki dla Oki x Young Igi x Otsochodzi - OIO

Kliknij tutaj aby rozwiązać quiz!

Ogólne statystyki

  • Ten quiz został rozwiązany 583 razy
  • Średni wynik to 9 z 15

Statystyki odpowiedzi

NumerUtwór% Poprawnych
8Worki w tłum
91%
6Amerykańskie teledyski
88%
10Przypadkiem
80%
2Moonwalk
77%
1Biggie
73%
9MVP
73%
14WMTB
66%
7Morze łez
54%
5Potłuczone szkła
52%
12Transparentny
52%
15Paleta barw
51%
13Trendsetting
47%
115 A.M.
46%
3Podzielony
45%
4Jak to ma być
44%

Rozkład punktacji

Percentyl według liczby udzielonych odpowiedzi

Procent ludzi z każdym wynikiem

Twoja historia wyników

Nie rozwiązałeś tego quizu